000 00807nas a2200277 4500
001 BR8904720
003 BR-BrBNA
005 20231205091717.0
007 ta
008 230509b bl.|||p| |||| 00| 00por d
040 _aBR-BrBNA
_bpor
_cBiblioteca Nacional de Agricultura
041 _a(Pt)
072 _aQ04
100 1 _aCarvalho, F.C.
100 1 _aYoshii, R.J.
100 1 _aBrandt, S.A.
100 1 _aFreitas, S.M.
245 1 _aFrutose de milho e adocantes artificiais como concorrentes do acucar nos Estados Unidos e no Brasil
650 _aMILHO
650 _aFRUTOSE
650 _aADOCANTE
650 _aESTADOS UNIDOS DA AMERICA
773 0 _tUsineiro (Brazil)
_x
_g(Jul-Aug 1988), v. 3(14) p. 40-47
_wBR8904720
909 _a202311
_bLúcia
_c55
_dLúcia Elande
942 _2AGRIS
_n0
_cANA
999 _c126854
_d126854